[Event "Montreal Varennes U1800 op"]
[Site "Montreal"]
[Date "2011.11.05"]
[Round "2"]
[White "Michaud, Jean Francois"]
[Black "Cusson, Michel"]
[Result "1/2-1/2"]
[WhiteElo "1573"]
[BlackElo "1521"]
[PlyCount "69"]
[EventDate "2011.11.04"]
[EventType "swiss"]
[EventRounds "5"]
[EventCountry "CAN"]
[SourceTitle "EXT 2022"]
[Source "ChessBase"]
[SourceDate "2021.10.06"]
[SourceVersion "1"]
[SourceVersionDate "2021.10.06"]
[SourceQuality "1"]

1. c4 Nf6 2. g3 c6 3. Bg2 g6 4. e4 e5 5. Ne2 d6 6. 0-0 Bg4 7. h3 Be6 8. d3 Qd7 9. Kh2 h5 10. f4 Be7 11. Be3 0-0 12. Nd2 Bg4 13. Nf3 Bxf3 14. Bxf3 Na6 15. f5 Kg7 16. Kg2 gxf5 17. exf5 Qxf5 18. Bg4 Nxg4 19. hxg4 Qxg4 20. Qd2 Rh8 21. Rf3 f5 22. Raf1 f4 23. Nxf4 exf4 24. Bd4+ Kg6 25. Rxf4 Qe6 26. Re1 Qd7 27. Bxh8 Rxh8 28. d4 Bg5 29. Qd3+ Kh6 30. Rfe4 Nc7 31. Qe2 Rh7 32. Rh1 Qf7 33. Rf1 Qd7 34. Rh1 Qf7 35. Rf1 1/2-1/2

[Event "Montreal Varennes U1800 op"]
[Site "Montreal"]
[Date "2011.11.04"]
[Round "1"]
[White "Azimov, Richard"]
[Black "Michaud, Jean Francois"]
[Result "1-0"]
[WhiteElo "1771"]
[BlackElo "1573"]
[PlyCount "83"]
[EventDate "2011.11.04"]
[EventType "swiss"]
[EventRounds "5"]
[EventCountry "CAN"]
[SourceTitle "EXT 2022"]
[Source "ChessBase"]
[SourceDate "2021.10.06"]
[SourceVersion "1"]
[SourceVersionDate "2021.10.06"]
[SourceQuality "1"]

1. e4 e5 2. f4 d5 3. exd5 e4 4. Nc3 Nf6 5. d3 Bf5 6. dxe4 Bxe4 7. Nxe4 Nxe4 8. Qf3 Nd6 9. Bd3 Qf6 10. Ne2 Nd7 11. 0-0 0-0-0 12. c3 Nc5 13. Bc2 Nc4 14. Rd1 Bd6 15. b3 Nb6 16. Rb1 Rhe8 17. c4 Re7 18. Bb2 Qh6 19. g3 Rde8 20. Nd4 g6 21. Rbc1 Ncd7 22. a3 Bc5 23. Bd3 Qg7 24. Qf2 Re3 25. Bf1 Rxb3 26. Kh1 Qf8 27. Qc2 Rbe3 28. a4 Ba3 29. a5 Bxb2 30. Qxb2 Na4 31. Qd2 Nac5 32. Ne6 R8xe6 33. dxe6 Rxe6 34. Bh3 f5 35. Bg2 Nf6 36. Qb4 Nfe4 37. Rd5 Nd7 38. c5 Ndf6 39. Re5 Rxe5 40. fxe5 Nd7 41. e6 Ndxc5 42. Bxe4 1-0